000 00244nam a2200097Ia 4500
001 1096028
005 20250827003026.0
008 250824s9999 xx 000 0 und d
245 0 _aUSTAM VE BEN
_cELİF ŞAFAK
260 _bDOĞAN KİTAP YAYINLARI
999 _c1096028
_d1096028